000
00315 a2200157 4500
001
182799
020
_a
040
_c
Magnum
100
_a
Malba Tahan
240
1
0
_a
Sob o olhar de Deus
_l
por
245
1
0
_a
Sob o olhar de Deus
300
_a
222
362
0
_a
1963
697
_a
LITERATURA GERAL
942
_c
BK
999
_c
182799
_d
182799